Chocolates in a celebration box (UK) - Statistics

General Stats
  • This quiz has been taken 107 times
  • The average score is 6 of 8
Answer Stats
Answers % Correct
Mars
93%
Snickers
87%
Bounty
86%
Galaxy
80%
Twix
73%
Milky way
70%
Malteaser
50%
Caramel
42%
No matching quizzes found
Score Distribution
Percent of People with Each Score
Percentile by Number Answered
Your Score History
You have not taken this quiz